| 000 | 00880cab a2200289 4500 | ||
|---|---|---|---|
| 001 | WB3314-12 | ||
| 008 | 090401t1997 xxu||||| |||| 00| 0 eng d | ||
| 035 | _a(Sirsi) u77659 | ||
| 041 | _aeng | ||
| 245 | 4 | _aThe comeback kids | |
| 260 | _c1997 | ||
| 350 | _a0 | ||
| 490 |
_aObserver _v`Business` 6 April 1997, 6(2) |
||
| 520 | _aThe property barons from the 1980s who went bust, are now back in business with plenty of financing behind them. Looks at the key players. | ||
| 650 | _aBANKS | ||
| 650 | _aBRADMAN, GODFREY | ||
| 650 | _aFINANCIAL RECOVERY | ||
| 650 | _aLIPTON, STUART | ||
| 650 | _aMYERS, MARTIN | ||
| 650 | _aPROPERTY COMPANIES | ||
| 650 | _aPROPERTY CRASH | ||
| 650 | _aPROPERTY DEALERS | ||
| 650 | _aREICHMANN, PAUL | ||
| 690 | _aPROPERTY-COMMERCIAL PROPERTY-COMMERCIAL PROPERTY FINANCE AND INVESTMENT | ||
| 942 | _n0 | ||
| 948 | _c08/04/1997 | ||
| 999 |
_c48811 _d48811 |
||